10 państw z największymi zasobami wody pitnej na świecie - Statystyki

Ogólne statystyki
  • Ten quiz został rozwiązany 47 razy
  • Średni wynik to 3 z 10
Statystyki odpowiedzi
Zasób wody pitnej Państwo % Poprawnych
80 tys. m3/os. Kanada
88%
74 tys. m3/os. Norwegia
76%
519 tys. m3/os. Islandia
60%
72 tys. m3/os. Nowa Zelandia
43%
107 tys. m3/os Papua-Nowa Gwinea
19%
101 tys. m3/os. Bhutan
12%
183 tys. m3/os. Surinam
12%
78 tys. m3/os. Wyspy Salomona
12%
315 tys. m3/os. Gujana
10%
97 tys. m3/os. Gabon
5%
Nie znaleziono quizów pasujących do podanych kryteriów
Rozkład punktacji
Procent ludzi z każdym wynikiem
Percentyl według liczby udzielonych odpowiedzi
Twoja historia wyników
Nie rozwiązałeś tego quizu